000 00549nmm a2200169Ia 4500
008 251105s9999||||xx |||||||||||||||||und||
020 _a9788484899679
041 _aspa
100 _aClavería Nadal, Gloria
245 0 _aDe vacunar a dictaminar: la lexicografía académica decimonónica y el neologismo
264 _a[Madrid, España] :
_bIberoamericana Vervuert,
_c2016
300 _a316 páginas
490 _aLingüística Iberoamericana
650 _aLexicology
856 _uhttps://public.digitaliapublishing.com/a/57456
942 _cCF
999 _c86902
_d86902